书目信息 |
| 题名: |
通信原理
|
|
| 作者: | 熊兆飞 , 黄本雄 , 王福昌 编著 | |
| 分册: | ||
| 出版信息: | 北京 清华大学出版社 2006.03 |
|
| 页数: | 433页 | |
| 开本: | 26cm | |
| 丛书名: | 高等院校信息与通信工程系列教材 | |
| 单 册: | ||
| 中图分类: | TN911 | |
| 科图分类: | ||
| 主题词: | 通信理论--高等学校--教材 | |
| 电子资源: | ||
| ISBN: | 7-302-12580-5 | |
| 000 | 00785nam0 2200241 450 | |
| 001 | 0655547187 | |
| 005 | 20061010151537.76 | |
| 010 | @a7-302-12580-5@dCNY 38.00 | |
| 100 | @a20060817d2006 km y0chiy0120 ea | |
| 101 | 0 | @achi |
| 102 | @aCN@b110000 | |
| 200 | 1 | @a通信原理@Atong xin yuan li@f王福昌,熊兆飞,黄本雄编著@Fwang fu chang,xiong zhao fei,huang ben xiong bian zhu |
| 210 | @a北京@c清华大学出版社@d2006.03 | |
| 215 | @a433页@d26cm | |
| 225 | 2 | @a高等院校信息与通信工程系列教材 |
| 410 | 0 | @12001 @a高等院校信息与通信工程系列教材 |
| 606 | 0 | @a通信理论@x高等学校@x教材 |
| 690 | @aTN911@v4 | |
| 701 | 0 | @a熊兆飞@Axiong zhao fei@4编著 |
| 701 | 0 | @a黄本雄@Ahuang ben xiong@4编著 |
| 701 | 0 | @a王福昌@Awang fu chang@4编著 |
| 801 | @aCN@c20061010 | |
| 905 | @apdsgxy@dTN911@eW170 | |
| 通信原理/王福昌,熊兆飞,黄本雄编著.-北京:清华大学出版社,2006.03 |
| 433页;26cm.-(高等院校信息与通信工程系列教材) |
| ISBN 7-302-12580-5:CNY 38.00 |
| ● |
| 相关链接 |
|
|
|
正题名:通信原理
索取号:TN911/W170
 
预约/预借
| 序号 | 登录号 | 条形码 | 馆藏地/架位号 | 状态 | 备注 |
| 1 | 608270 | 206082709 | 自科库301/301自科库 34排1列3层/ [索取号:TN911/W170] | 在馆 | |
| 2 | 608271 | 206082718 | 自科库301/301自科库 34排1列3层/ [索取号:TN911/W170] | 在馆 | |
| 3 | 608272 | 206082727 | 期刊室512/301自科库 26排3列1层/ [索取号:TN911/W170] | 在馆 |